Cantos Guatusos de entretenimiento: treinta y un cantos de erotismo, de trabajo y de cuna= Poréterá Marámo (Registro nro. 7966)
[ vista simple ]
| 000 -LEADER | |
|---|---|
| fixed length control field | 00829njm a22002057a 4500 |
| 005 - DATE AND TIME OF LATEST TRANSACTION | |
| control field | 20160415144657.0 |
| 008 - FIXED-LENGTH DATA ELEMENTS--GENERAL INFORMATION | |
| fixed length control field | 160415b xxu||||| |||| 00| 0 spa d |
| 041 ## - LANGUAGE CODE | |
| Language code of text/sound track or separate title | eng |
| 100 ## - AUTOR | |
| Autor | Constela Umaña, Adolfo |
| 100 ## - AUTOR | |
| Autor | Castro, Eustaquio |
| 245 ## - TÍTULO | |
| Title | Cantos Guatusos de entretenimiento: treinta y un cantos de erotismo, de trabajo y de cuna= Poréterá Marámo |
| 260 ## - PUBLICATION, DISTRIBUTION, ETC. (IMPRINT) | |
| Place of publication | Costa Rica |
| Name of publisher | UCR |
| Year of publication | 2014 |
| 505 ## - FORMATTED CONTENTS NOTE | |
| Formatted contents note | Este disco compacto viene acompañado del libro Cantos Guatusos de entretenimiento: treinta y un cantos de erotismo, de trabajo y de cuna= Poréterá Marámo. 972.860.1/C758c |
| 650 ## - SUBJECT ADDED ENTRY--TOPICAL TERM | |
| Topical Term | GUATUSOS |
| 650 ## - SUBJECT ADDED ENTRY--TOPICAL TERM | |
| Topical Term | TRADICIÓN ORAL - GUATUSOS |
| 650 ## - SUBJECT ADDED ENTRY--TOPICAL TERM | |
| Topical Term | INDÍGENAS COSTARRICENSES |
| 650 ## - SUBJECT ADDED ENTRY--TOPICAL TERM | |
| Topical Term | MÚSICA FOLCLÓRICA |
| 650 ## - SUBJECT ADDED ENTRY--TOPICAL TERM | |
| Topical Term | CANCIONES ABORÍGENES |
| 942 ## - ADDED ENTRY ELEMENTS (KOHA) | |
| Koha item type | Música |
No hay ítems disponibles.